000 00416nam a2200193Ia 4500
008 240510s9999 xx 000 0 und d
020 _a0000697044831
041 _aEng
082 _a005.133
082 _bp62
100 _aPRESSMAN M.H.
245 0 _aFORTRAN FOR TODAY AND TOMORROW
260 _bOXFORD : WCB
260 _c1993
300 _a485 p.
650 _aFORTRAN
942 _2ddc
942 _cLBK
999 _c25805
_d25805
945 _a1
_bMadushi Gamage
_c1
_dMadushi Gamage